000 01589nam a22003497a 4500
001 909198588
003 OCoLC
005 20241225101155.0
008 150511s2016 pau b 001 0 eng
010 _a 2015018774
020 _a9781496306142
040 _cKWIU
041 _aENG
080 _a61
_bS-83
096 _aWB 18.2 A259s 2016
100 _9177
_aAgabegi,S.Steven
_eeditor
245 0 0 _aStep-up to medicine /
_ceditors, Steven S. Agabegi, Elizabeth D. Agabegi.
250 _a4th ed.
260 _aPhiladelphia :
_bWolters Kluwer Health,
_c[2016]
300 _ax, 582 p. :
_b ill. ;
_c 28 cm.
365 _b11.48 usd
504 _aIncludes bibliographical references and index.
505 0 _aDiseases of the cardiovascular system -- Diseases of the pulmonary system -- Obstructive lung diseases -- Diseases of the gastrointestinal system -- Endocrine and metabolic diseases -- Diseases of the central and peripheral nervous systems -- Connective tissue and joint diseases -- Diseases of the renal and genitourinary system -- Fluids, electrolytes, and acid-base disorders -- Hematologic diseases and neoplasms -- Infectious diseases -- Diseases of the skin and hypersensitivity disorders -- Ambulatory medicine.
590 _ac.1 1006994x Ritt 11/23/15 $57.99.
650 2 _aClinical Medicine
_vOutlines.
650 2 _aClinical Medicine
_vProblems and Exercises.
653 _aკლინიკური მედიცინა
653 _aმედიცინა
700 1 _aAgabegi, Steven S.
700 1 _aAgabegi, Elizabeth D.
942 _2udc
_cBK
999 _c291
_d291